| 000 | 00943nam a2200253 i 4500 | ||
|---|---|---|---|
| 001 | 66402 | ||
| 003 | ES-MaACL | ||
| 005 | 20240503122328.0 | ||
| 007 | t| | ||
| 008 | 040213s1978 sp ||||1| spa d | ||
| 020 | _a84-239-2014-3 | ||
| 080 | _a821.134.2Quijote.07 | ||
| 100 | 1 |
_aMadariaga, Salvador de, _d1886-1978 _975292 |
|
| 245 | 1 | 0 |
_aGuía del lector del "Quijote" _b: ensayo psicológico sobre el "Quijote" / _cSalvador de Madariaga ; prólogo de Luis María Anson. |
| 250 | _a2ª ed. | ||
| 260 |
_aMadrid : _bEspasa-Calpe, _c1978. |
||
| 300 |
_a215 p. ; _c18 cm. |
||
| 490 | 1 |
_aSelecciones austral. Ensayo ; _v14 |
|
| 600 | 1 | 4 |
_aCervantes Saavedra, Miguel de, _d1547-1616. _tDon Quijote de la Mancha- _xCrítica e interpretación _937618 |
| 700 | 0 |
_aAnsón, Luis María, _d1935- _921849 |
|
| 830 | 0 |
_aSelecciones austral. Ensayo ; _v14 _9230804 |
|
| 852 |
_aES-MaACL _jL-26870 _bR.132365 |
||
| 999 |
_c66402 _d66402 |
||